| 000 | 01374nam a2200205 a 4500 | ||
|---|---|---|---|
| 001 | 000024725 | ||
| 005 | 20200930023331.0 | ||
| 008 | 110127s1968 sp r 000 j spa d | ||
| 040 |
_aDO-SdBNP _bspa _cBNPHU |
||
| 082 |
_a808.831 _bA634m, 1968 |
||
| 245 | 0 | 0 |
_aAntología de las mejores novelas policíacas / _cselección de José A. Llorens. |
| 250 | _a2a ed. | ||
| 260 |
_aBarcelona : _bAcervo , _c1968. |
||
| 300 |
_a420 p. ; _c20 cm. |
||
| 505 | 0 |
_gv.9 _tMaese Cornelius / _rHonorato de Balzac _tUna cama terriblemente extraña / _rWilliam Wilkie Collins _tPor falta de pruebas / _rWilliam Wilkie Collins _tDesapacion / _rJoseph Payne Brennan _tAdiós , Mr. Bliss / _rJoseph Payne Brennan _tHumo / _rWilliam Faulkner _tDeclaro abierta la sesión / _rWilliam North Jayne _tLa zambullida / _rRoald Dahl _tUna coartada de dos minutos / _rGeorge Harmon Coxe _tCherchez la frame / _rStuart Palmer y Craig Rice _tUna vez en un tren... / _rStuart Palmer y Craig Rice _tUn asesino refinado / _rJack Ritchie _tJustice, Inc. / _rRog Phillips _tManiático / _rFredric Brown _tEl ultimo en morir / _rEllery Queen _tCrimen con retorno / _rM. A. Guerendiain _tLa pulsera / _rPaul Sartoris _tLa casualidad vengadora / _rAnthony Berkeley |
|
| 650 | 4 |
_aNovela policíaca _xColecciones _950055 |
|
| 650 | 4 |
_aLiteratura _xColecciones _940253 |
|
| 700 | 1 | 2 |
_aLlorens, José A. _94194 |
| 910 | _aValidado. Control de calidad MFF | ||
| 999 |
_c24218 _d24218 |
||